01474nam a2200349Ia 4500001001200000003000800012006001900020007001500039008004100054020002500095020002200120040002100142035002100163050002300184100002100207245011000228250001200338260003400350300003800384500014700422504005100569533015200620650002800772650002900800650002700829650002800856655002900884700005300913710001700966856012600983999001501109ebr10284670CaPaEBRm u cr cn|||||||||061101s2008 nyua sb 001 0 eng d z9780387470894 (pbk.) z0387470891 (pbk.) aCaPaEBRcCaPaEBR a(OCoLC)64680623614aQL937b.S35 2008eb1 aSchambra, Uta B.10aPrenatal mouse brain atlash[electronic resource] /cUta Schambra ; illustrations by Barbara A. Connelly. a2nd ed. aNew York :bSpringer,cc2008. axxxix, 531 p. :bill. (some col.) aPrevious ed.: published as Atlas of prenatal mouse brain by Uta B. Schambra, Jean M. Laudeer, Jerry Silver. San Diego, Calif.: Academic, 1992. aIncludes bibliographical references and index. aElectronic reproduction.bPalo Alto, Calif. :cebrary,d2009.nAvailable via World Wide Web.nAccess may be limited to ebrary affiliated libraries. 0aBrainxGrowthvAtlases. 0aBrainxAnatomyvAtlases. 0aMicexGrowthvAtlases. 0aMicexAnatomyvAtlases. 7aElectronic books.2local1 aSchambra, Uta B.tAtlas of prenatal mouse brain.2 aebrary, Inc.40uhttp://site.ebrary.com/lib/rucke/Doc?id=10284670zAn electronic book accessible through the World Wide Web; click to view c2611d2611